LEADER 01435nam 2200445Ia 450 001 9910703100703321 005 20230902161849.0 035 $a(CKB)3460000000109771 035 $a(OCoLC)690695385 035 $a(EXLCZ)993460000000109771 100 $a20101208d2007 ua 0 101 0 $aeng 135 $aurcn||||||||| 181 $ctxt$2rdacontent 182 $cc$2rdamedia 183 $acr$2rdacarrier 200 10$aGang-related witness intimidation$b[electronic resource] /$fby John Anderson 210 1$a[Washington, DC] :$c[Bureau of Justice Assistance],$d[2007] 215 $a1 online resource (9 pages) 225 1 $aNational Gang Center bulletin ;$vno. 1 300 $aTitle from PDF title screen (viewed on Dec. 8, 2010). 300 $a"February 2007." 320 $aIncludes bibliographical references (pages 7-8). 410 0$aNational Gang Center bulletin ;$vno. 1. 517 $aGang-related witness intimidation and retaliation 606 $aWitnesses 606 $aIntimidation 606 $aGangs 615 0$aWitnesses. 615 0$aIntimidation. 615 0$aGangs. 700 $aAnderson$b John$f1958-$01408440 712 02$aUnited States.$bBureau of Justice Assistance. 712 02$aNational Gang Center (U.S.) 801 0$bGPO 801 1$bGPO 906 $aBOOK 912 $a9910703100703321 996 $aGang-related witness intimidation$93492360 997 $aUNINA LEADER 01118nas 2200385- 450 001 9910367612603321 005 20230514213019.0 035 $a(DE-599)ZDB2864963-1 035 $a(OCoLC)947080869 035 $a(CKB)3810000000151505 035 $a(CONSER)--2016232086 035 $a(EXLCZ)993810000000151505 100 $a20160209a20159999 s-- - 101 0 $aeng 135 $aur|nu|||||||| 181 $ctxt$2rdacontent 182 $cc$2rdamedia 183 $acr$2rdacarrier 200 10$aJournal of legal studies 210 1$aWarsaw, Poland :$cDe Gruyter Open,$d[2015]- 215 $a1 online resource 311 08$a2457-9017 517 1 $aJ.L.S. 517 1 $aJLS 531 0 $aJ. Leg. Stud. 606 $aLaw$vPeriodicals 606 $aLaw$2fast$3(OCoLC)fst00993678 608 $aPeriodicals.$2fast 615 0$aLaw 615 7$aLaw. 712 02$aUniversitatea de Vest "Vasile Goldis?" din Arad.$bFacultatea de S?tiint?e Juridice.$bCentrul de Studii s?i Cercet?ri, 906 $aJOURNAL 912 $a9910367612603321 996 $aJournal of legal studies$9794443 997 $aUNINA